Clics en chaîne - de Bowser à la Tarte Tatin - Statistiques

Statistiques générales
  • Ce quiz a été pris 1 651 fois
  • Le résultat moyen est 23 sur 30
Statistiques - réponses
Hint Réponse % Correct
Le méchant principal de la série Super Mario est : Bowser
99%
... qui a kidnappé au moins 36 fois : Princesse Peach
97%
... dont l'auteur originaire de ce pays le plus traduit dans le monde est : Jules Verne
85%
... qui a été construite en : France
84%
... qui dans Mario Kart a pris la place de ce monument : Statue de la Liberté
83%
... qui est surtout composé de beurre, de farine et de : Sucre
83%
... qui est disputé entre la Normandie et : Bretagne
81%
... dont l'une des spécialités est le : Kouign-amann
81%
... qui peuvent être verts ou : Jaunes
80%
... qui évolue en mettant sa console à : L'envers
79%
... qui est enclavée donc n'a pas accès à la : Mer
79%
... qui a inspiré le Pokémon : Sepiatop
79%
... dont le format en portrait et durant moins d'une minute est très populaire sur : TikTok
79%
... qui est l'un des deux seuls pays commençant par U avec : Uruguay
79%
... qui a écrit "De la Terre à la..." Lune
78%
... qui est la langue qu'on choisit d'apprendre en classe de 5ème si on ne prend pas : Allemand
77%
... qui est la langue la plus parlée en : Autriche
77%
... qui est le seul pays où l'on peut trouver des : Kiwis
75%
... où l'on peut trouver des céphalopodes comme : Seiche
73%
... dont le nom est dérivé du son que fait : Horloge
71%
... qui, selon si elle est haute ou basse, empêche le passage vers : Mont Saint-Michel
70%
... qui a remporté le plus de coupes du monde de rugby à XV devant : Nouvelle-Zélande
70%
... qui avec le bleu est la seule couleur du drapeau de : Ukraine
70%
... qui a plusieurs capitales, tout comme : Afrique du Sud
69%
... qui signifie "je regarde" en : Espagnol
69%
... qui est également ce qui fait la particularité de : Tarte Tatin
69%
... qui est la capitale de : Bolivie
67%
... qui tourne dans la chanson de Mickaël... Miro
67%
... qui influence : Marée
65%
... dont le nom de la capitale comporte le nom commun : Vidéo
63%
Aucun quiz correspondant
Distribution des résultats
% des personnes avec chaque résultat
Percentile par nombre de réponses
Votre historique - résultats
Vous n’avez pas pris ce quiz